| 000 | 01353nam a2200277 a 4500 | ||
|---|---|---|---|
| 001 | 000005375 | ||
| 003 | DO-SdBNP | ||
| 005 | 20251211105303.0 | ||
| 008 | 090819s2009 dr d 000 0 spa d | ||
| 040 |
_aDO-SdBNP _bspa _cBNPHU |
||
| 082 |
_a342.729302 _bV156c |
||
| 100 | 1 |
_aValentín Jiminían, Julio César, _d1966- _915248 |
|
| 245 | 1 | 0 |
_aConstitución, reforma y democracia de la imposición autoritaria al pacto político-social / _cJulio César Valentín Jiminían. |
| 260 |
_aSanto Domingo : _bAlfa & Omega, _c2009. |
||
| 300 |
_a77 p. : _btablas ; _c23 cm. |
||
| 500 | _aIncluye referencias bibliográficas y notas al pie de las páginas. | ||
| 504 | _aBibliografía: p. 75-77. | ||
| 505 | 0 |
_gPreámbulo -- _tLa Constitución en la historia de la humanidad. Del poder absoluto al poder ilimitado -- _tDe la imposición ilimitada al consenso político social -- _tCoyuntura actual. La hora del gran pacto político social -- _gBibliografía. |
|
| 590 | _aInventariado, 2018/ YL | ||
| 650 | 0 |
_aDemocracia _xHistoria _9286 _vEnsayos, conferencias, etc. |
|
| 650 | 0 |
_aReformas constitucionales _zRepública Dominicana _xEnsayos, conferencias, etc. _985533 |
|
| 651 | 4 |
_aRepública Dominicana _xConstitución _91008 |
|
| 651 | 4 |
_aRepública Dominicana _zDerecho Constitucional _9449 |
|
| 910 | _aValidado. Control de calidad EMS | ||
| 942 |
_2ddc _cLBS1 |
||
| 999 |
_c5175 _d5175 |
||